LIBRARY ONLINE CATALOGUE

Papers delivered on different occasions / (Record no. 8662)

MARC details
000 -LEADER
fixed length control field 00610cam a22002052 4500
001 - CONTROL NUMBER
control field 0000018804
005 - DATE AND TIME OF LATEST TRANSACTION
control field 20151217152134.0
008 - FIXED-LENGTH DATA ELEMENTS--GENERAL INFORMATION
fixed length control field 100707s xx 000 0 eng d
020 ## - INTERNATIONAL STANDARD BOOK NUMBER
Terms of availability KES 860
040 ## - CATALOGING SOURCE
Original cataloging agency KABU
Transcribing agency KABU
100 1# - MAIN ENTRY--PERSONAL NAME
Personal name Lumumba, P. L. O.
-- 0000160099
245 10 - TITLE STATEMENT
Title Papers delivered on different occasions /
Statement of responsibility, etc. P.L.O. Lumumba.
260 ## - PUBLICATION, DISTRIBUTION, ETC. (IMPRINT)
Date of publication, distribution, etc. 2010.
300 ## - PHYSICAL DESCRIPTION
Extent [375] p.
500 ## - GENERAL NOTE
General note These papers were delivered on different occasions and are currently being upgraded to publishable levels.
650 #0 - SUBJECT ADDED ENTRY--TOPICAL TERM
Topical term or geographic name as entry element Law.
-- 0000178067
908 ## - PUT COMMAND PARAMETER (RLIN)
Put command parameter 100707
950 ## - LOCAL HOLDINGS (RLIN)
-- 1
Holdings
Withdrawn status Lost status Source of classification or shelving scheme Not for loan Home library Current library Date acquired Total Checkouts Barcode Date last seen Price effective from Koha item type
    Library of Congress Classification   Kabarak, Main Campus Kabarak, Main Campus 17/12/2015   17945 17/12/2015 17/12/2015 General Collection